| 000 | 02401nam a2200409 i 4500 | ||
|---|---|---|---|
| 001 | 768714001 | ||
| 003 | CO-MdFUSB | ||
| 005 | 20210420164930.0 | ||
| 007 | ta | ||
| 008 | 090415t2007 nyu b 001 0 eng d | ||
| 020 | _a9780307589231 | ||
| 020 | _a0307589234 | ||
| 040 |
_aBTCTA _cCO-MdFUSB _dIH7 _dCO-MdFUSB _dFPD _bspa _erda |
||
| 041 | _aeng | ||
| 082 |
_223 _a248.843 _bT316 |
||
| 100 | 0 |
_aTeresa, _cMother, _d1910-1997. _eautor |
|
| 245 | 1 | 0 |
_aMother Teresa : _bcome be my light : the private writings of the "Saint of Calcutta" _c/ Teresa, Mother Saint ; editado por Brian Kolodiejchuk. |
| 246 | 1 | 0 | _aCome by my light : the private writings of the "Saint of Calcutta" |
| 250 | _aprimera edición | ||
| 264 | 1 |
_aNew York : _bImage, _c[2007] |
|
| 264 | 4 | _c© 2007 | |
| 300 |
_a404 páginas. ; _c21 cm. |
||
| 336 |
_2rdacontent _atexto _btxt |
||
| 337 |
_2rdamedia _asin mediación _bn |
||
| 338 |
_2rdacarrier _avolumen _bnc |
||
| 504 | _aIncluye referencias bibliográficas (p. [363] -397) e índice. | ||
| 505 | _a"Pon tu mano en Su mano y camina solo con Él" - Algo muy hermoso para Jesús - "Ven, sé mi luz" - "Para alegrar el corazón sufriente de Jesús" - "No demores más. No me dejes atrás "- A los" agujeros oscuros "-" La noche oscura del nacimiento de la Sociedad "- La sed de Jesús crucificado -" Dios mío, qué doloroso es el dolor desconocido "-" Yo hemos llegado a amar la oscuridad "-" A su disposición "-" Dios usa la nada para mostrar su grandeza "- Irradiando a Cristo. | ||
| 520 | _aLa colección de escritos y reflexiones de la Madre Teresa, casi todos los cuales nunca se han hecho públicos antes, arroja luz sobre la vida interior de la Madre Teresa de una manera que revela la profundidad e intensidad de su santidad por primera vez. Una crónica conmovedora de su viaje espiritual, que incluye momentos, incluso años, de absoluta desolación, estas cartas revelan los secretos que solo compartió con sus confidentes más cercanos. Ella emerge como una mística clásica cuya vida interior ardía con el fuego de la caridad y cuyo corazón fue probado y purificado por una intensa prueba de fe. | ||
| 563 | _aRústico | ||
| 650 | 0 |
_aVida espiritual _951 |
|
| 700 | 1 |
_aKolodiejchuk, Brian. _eeditor |
|
| 942 | _cBK | ||
| 945 | _aJTF-925 | ||
| 999 |
_c66431 _d66431 |
||